LEADER 01788nam 2200493Ia 450 001 9910697064203321 005 20230902161635.0 035 $a(CKB)5470000002384259 035 $a(OCoLC)650359265 035 $a(EXLCZ)995470000002384259 100 $a20100727d2005 ua 0 101 0 $aeng 135 $aurcn||||||||| 181 $ctxt$2rdacontent 182 $cc$2rdamedia 183 $acr$2rdacarrier 200 10$aIdentifying and characterizing discrepancies between test and analysis results of compression-loaded panels$b[electronic resource] /$fRobert P. Thornburgh, Mark W. Hilburger 210 1$aHampton, Va. :$cNational Aeronautics and Space Administration, Langley Research Center,$d[2005] 215 $a1 online resource (29 pages) $cillustrations 225 1 $aNASA/TP ;$v2005-213932 300 $aTitle from title screen (viewed on July 27, 2010). 300 $a"October 2005." 300 $a"ARL-TR-3664." 320 $aIncludes bibliographical references (pages 12-13). 410 0$aNASA technical paper ;$v213932. 606 $aCompression loads$2nasat 606 $aPanels$2nasat 606 $aMathematical models$2nasat 606 $aStructural analysis$2nasat 606 $aFabrication$2nasat 615 7$aCompression loads. 615 7$aPanels. 615 7$aMathematical models. 615 7$aStructural analysis. 615 7$aFabrication. 700 $aThornburgh$b Robert P$01406545 701 $aHilburger$b Mark W$g(Mark William)$01395062 712 02$aLangley Research Center. 801 0$bGPO 801 1$bGPO 906 $aBOOK 912 $a9910697064203321 996 $aIdentifying and characterizing discrepancies between test and analysis results of compression-loaded panels$93542332 997 $aUNINA LEADER 02705nam 2200625 450 001 9910788882803321 005 20170821172552.0 010 $a1-4704-0774-4 035 $a(CKB)3360000000464542 035 $a(EBL)3114028 035 $a(SSID)ssj0000976624 035 $a(PQKBManifestationID)11547411 035 $a(PQKBTitleCode)TC0000976624 035 $a(PQKBWorkID)11034879 035 $a(PQKB)11769946 035 $a(MiAaPQ)EBC3114028 035 $a(RPAM)1934493 035 $a(PPN)195412419 035 $a(EXLCZ)993360000000464542 100 $a20140912h19871987 uy 0 101 0 $aeng 135 $aur|n|---||||| 181 $ctxt 182 $cc 183 $acr 200 10$aYang-Mills fields and extension theory /$fRobert Pool 210 1$aProvidence, Rhode Island :$cAmerican Mathematical Society,$d1987. 210 4$d©1987 215 $a1 online resource (74 p.) 225 1 $aMemoirs of the American Mathematical Society,$x0065-9266 ;$vNumber 358 300 $a"January 1987, Volume 65, Number 358 (first of 5 numbers)." 311 $a0-8218-2422-8 320 $aIncludes bibliographical references. 327 $a""Table of Contents""; ""I. Introduction""; ""II. Preliminaries""; ""1. The Basic Fibrations""; ""2. Minkowski Space""; ""3. Sheaves on M""; ""4. Further Notation""; ""5. Local Coordinates""; ""III. Basic Ambitwistor Results""; ""1. Data on M""; ""2. Vector bundles on A""; ""3. The Topology of the Mapping I??""; ""4. The Relative deRham Sequence on G""; ""5. Direct Image Sheaves""; ""6. Direct Image Sheaves for Vector Bundles""; ""IV. The Penrose Transform and the Ward Correspondence""; ""1. The Ambitwistor Transform""; ""2. The Generalized Ward Correspondence"" 327 $a""V. Extensions of Bundles Over A""""1. Preliminaries""; ""2. Extensions of Bundles Over A""; ""3. Proof of Lemma V.l""; ""4. Curvature and Current of a Yang-Mills Field""; ""Bibliography"" 410 0$aMemoirs of the American Mathematical Society ;$vNumber 358. 606 $aFunctions of several complex variables 606 $aTwistor theory 606 $aFiber spaces (Mathematics) 606 $aField extensions (Mathematics) 606 $aYang-Mills theory 615 0$aFunctions of several complex variables. 615 0$aTwistor theory. 615 0$aFiber spaces (Mathematics) 615 0$aField extensions (Mathematics) 615 0$aYang-Mills theory. 676 $a515.9/4 700 $aPool$b Robert$f1955-$0288454 801 0$bMiAaPQ 801 1$bMiAaPQ 801 2$bMiAaPQ 906 $aBOOK 912 $a9910788882803321 996 $aYang-Mills fields and extension theory$93696185 997 $aUNINA LEADER 02430nam0 22005293i 450 001 MIL0156642 005 20251003044226.0 100 $a19930430d1981 ||||0itac50 ba 101 | $aita 102 $ait 181 1$6z01$ai $bxxxe 182 1$6z01$an 183 1$6z01$anc$2RDAcarrier 200 1 $aˆIl ‰movimento cooperativo in Italia$estoria e problemi$fGuido Bonfante, Zeffiro Ciuffoletti, Maurizio Degl'Innocenti$ga cura di Giulio Sapelli 210 $aTorino$cEinaudi$dc1981 215 $aX, 349 p.$d18 cm 225 | $aPiccola biblioteca Einaudi$v407 314 $acuratore$9CFIV008449 410 0$1001CFI0010621$12001 $aPiccola biblioteca Einaudi$v407 500 10$aˆIl ‰movimento cooperativo in Italia.$3MSE0074741$91457191 606 $aCooperazione$xItalia$x1861-1980$2FIR$3SBLC009984$9I 676 $a334$9COOPERATIVE$v11 676 $a334$9Economia. Cooperative$v14 676 $a334.094 5$9$v20 676 $a334.0945$9$v12 676 $a334.0945$9COOPERATIVE. ITALIA$v19 676 $a334.0945$9COOPERATIVE. Italia$v20 676 $a334.0945$9COOPERATIVE. Italia$v21 676 $a334.0945$9COOPERATIVE. Italia$v22 676 $a334.22$9COOPERATIVE DI CREDITO$v21 686 $aIT/X436.9$cMOVIMENTO COOPERATIVO ITALIA$2R 700 1$aBonfante$b, Guido$3CFIV048444$0140595 702 1$aSapelli$b, Giulio$3CFIV008449 702 1$aDegl'Innocenti$b, Maurizio$3CFIV015740 702 1$aCiuffoletti$b, Zeffiro$3CFIV078017 801 3$aIT$bIT-000000$c19930430 850 $aIT-BN0095 $aIT-AV0003 $aIT-AV0007 $aIT-NA0079 $aIT-NA0581 $aIT-NA0230 $aIT-BN0015 901 $bNAP AV$cSEZ. M $nSezione Moderna 901 $bNAP BN$cCAU $n$ 901 $bNAP FC$cFONDO $n$ 901 $bNAP 01$cPOZZO LIB.$nVi sono collocati fondi di economia, periodici di ingegneria e scienze, periodici di economia e statistica e altri fondi comprendenti documenti di economia pervenuti in dono. 901 $bNAP AR$cP. CICCONE$nDONAZIONE 912 $aMIL0156642 950 0$aBiblioteca Centralizzata di Ateneo$c1 v.$d 01POZZO LIB.ECON MON 7864$e 0101 0000110105E VMB 1 v. (18 cm. - Precedente collocazione: GUERRAZZI A 17)$fB $h20090616$i20090616 977 $a 01$a AR$a AV$a BN$a FC$a IR$a PB 996 $aMovimento cooperativo in Italia$91457191 997 $aUNISANNIO